000
00304nam a22001337a 4500
008
170401b xxu||||| |||| 00| 0 eng d
020
_a
9780316512930
041
_a
eng
080
_a
617
100
_a
8
101
_a
SHM
245
_a
REVIEW MANUAL FOR OPHTALMOLOGY
_c
LAMKIN. J.C
942
_2
udc
_c
BK
999
_c
9357
_d
9357